000 00894nam a2200253 i 4500
001 100083
003 ES-MaACL
005 20251103131852.0
007 t|
008 050921s1914 sp ||||1| spa d
080 _a821.134.2-22"19"
100 1 _aMartínez Sierra, Gregorio,
_d1881-1947
_978429
245 1 3 _aLa pasión ;
_bLos románticos /
_cG. Martínez Sierra.
260 _aMadrid :
_bRenacimiento,
_c1914.
300 _a275 p. ;
_c19 cm.
530 _aDisponible en formato digital.
594 _aObras en colaboración entre Gregorio Martínez Sierra y María Lejárraga (María Martínez Sierra)
700 1 _aMartínez Sierra, María,
_d1874-1974
_978430
740 4 2 _aLos románticos.
852 4 _aES-MaACL
_jF-7229
_cDEPO2
856 4 _uhttps://archive.org/details/lapasionlosromnt00mart/page/n7/mode/2up
_yInternet Archive
942 _2udc
999 _c100083
_d100083